header

Natural resources and violent conflict (Record no. 75360)

MARC details
000 -LEADER
fixed length control field 01225nam a2200313Ia 4500
082 04 - DEWEY DECIMAL CLASSIFICATION NUMBER
Classification number 303.6/4/91724
245 00 - TITLE STATEMENT
Title Natural resources and violent conflict
260 ## - PUBLICATION, DISTRIBUTION, ETC. (IMPRINT)
Place of publication Washington, D.C. :
Name of publisher World Bank,
Year of publication 2003.
300 ## - PHYSICAL DESCRIPTION
Number of Pages 429 p.
650 #0 - SUBJECT ADDED ENTRY--TOPICAL TERM
Topical Term Civil war
Topical Term Natural resources
Topical Term Security, International.
700 1# - ADDED ENTRY--PERSONAL NAME
Personal name Bannon, Ian.
Personal name Collier, Paul.
856 40 - ELECTRONIC LOCATION AND ACCESS
Uniform Resource Identifier http://site.ebrary.com/lib/rucke/Doc?id=10044933

No items available.

© 2026 Rongo University
Contact us: librarian | system librarian | Rongo university